000 00523nam a2200193Ia 4500
999 _c1906
_d1906
003 OSt
005 20200922115120.0
008 190216s9999||||xx |||||||||||||| ||und||
020 _a9780195637489
040 _coclc
082 _a581
_bDUT/B
100 _aDutta, A C
_94780
245 0 _aBotany For Degree Students /
_cA C Dutta
250 _a6th Ed.
260 _bOxford University Press,
_c2007.
_aNew Delhi:
300 _a708p
650 _aBotany
942 _cBK
_2ddc
_h581
_iDUT/B
_k581
_mDUT/B